000 00674nam a22002057a 4500
999 _c15101
_d15101
003 AR-CdUCM
008 190425b ||||| |||| 00| 0 spa d
040 _aMUNICIPALIDAD PROVINCIAL DEL CUSCO
_cBIBLIOTECA MUNICIPAL DEL CUSCO
082 _aPI / 803 /
_bD66
110 _aDisney Pixar
_932825
245 _aDisney Pixar intensamente :
_bUn dia lleno de emociones /
260 _aMexico :
_bDisney enterprises,
_c2015.
300 _bIlustraciones, graficos, almohada de tela
_c41 cm.
500 _aAlmohada didactica para niños
650 _aAlmohada
_934127
650 _aNiños
_99390
650 _aDidactico
_927859
942 _2ddc
_cLIBROS
945 _apjha
_d2019-04-25